LEADER 01421nas 2200433- 450 001 9910157854403321 005 20210920213022.0 011 $a2460-9412 035 $a(OCoLC)981101248 035 $a(CKB)3710000001008820 035 $a(CONSER)--2018252547 035 $a(EXLCZ)993710000001008820 100 $a20170310a20159999 --- - 101 0 $aind 135 $aur||||||||||| 181 $ctxt$2rdacontent 182 $cc$2rdamedia 183 $acr$2rdacarrier 200 00$aAl-Tijary $ejurnal ekonomi dan bisnis Islam 210 1$aKalimantan Timur, Indonesia :$cFakultas Ekonomi dan Bisnis Islam, IAIN Samarinda 215 $a1 online resource 311 08$a2460-9404 531 1 $aAl-Tijary 606 $aEconomics$zIslamic countries$vPeriodicals 606 $aEconomics$xReligious aspects$xIslam$vPeriodicals 606 $aEconomics$2fast$3(OCoLC)fst00902116 606 $aEconomics$xReligious aspects$xIslam$2fast$3(OCoLC)fst00902190 607 $aIslamic countries$2fast 608 $aPeriodicals.$2fast 608 $aPeriodicals.$2lcgft 615 0$aEconomics 615 0$aEconomics$xReligious aspects$xIslam 615 7$aEconomics. 615 7$aEconomics$xReligious aspects$xIslam. 712 02$aInstitut Agama Islam Negeri Samarinda.$bFakultas Ekonomi dan Bisnis Islam, 906 $aJOURNAL 912 $a9910157854403321 996 $aAl-Tijary$92580188 997 $aUNINA LEADER 03311oas 2201249 a 450 001 9910146922803321 005 20260203110039.0 011 $a1754-9515 035 $a(DE-599)ZDB2406625-4 035 $a(OCoLC)244295623 035 $a(CONSER) 2008252972 035 $a(CKB)1000000000289662 035 $a(DE-599)2406625-4 035 $a(EXLCZ)991000000000289662 100 $a20071105a20089999 oy a 101 0 $aeng 135 $aur||||||||||| 181 $ctxt$2rdacontent 182 $cc$2rdamedia 183 $acr$2rdacarrier 200 10$aInternational journal of speech-language pathology 210 1$a[Milton Park, Abingdon, U.K.] :$cInforma Healthcare 210 31$a[Abingdon, Oxford] :$cTaylor & Francis 215 $a1 online resource 300 $aRefereed/Peer-reviewed 311 08$a1754-9507 517 1 $aIJSLP 606 $aSpeech disorders$vPeriodicals 606 $aLanguage disorders$vPeriodicals 606 $aSpeech therapy$vPeriodicals 606 $aLanguage Disorders$vPeriodicals 606 $aSpeech Disorders$vPeriodicals 606 $aSpeech-Language Pathology$vPeriodicals 606 $aLanguage Disorders 606 $aSpeech Disorders 606 $aSpeech-Language Pathology 606 $aTroubles de la parole$vPe?riodiques 606 $aTroubles du langage$vPe?riodiques 606 $aOrthophonie$vPe?riodiques 606 $aLanguage disorders$2fast$3(OCoLC)fst00992363 606 $aSpeech disorders$2fast$3(OCoLC)fst01129193 606 $aSpeech therapy$2fast$3(OCoLC)fst01129277 608 $aPeriodical. 608 $aperiodicals.$2aat 608 $aPeriodicals.$2fast 608 $aPeriodicals.$2lcgft 608 $aPe?riodiques.$2rvmgf 615 0$aSpeech disorders 615 0$aLanguage disorders 615 0$aSpeech therapy 615 2$aLanguage Disorders 615 2$aSpeech Disorders 615 2$aSpeech-Language Pathology 615 2$aLanguage Disorders. 615 2$aSpeech Disorders. 615 2$aSpeech-Language Pathology. 615 6$aTroubles de la parole 615 6$aTroubles du langage 615 6$aOrthophonie 615 7$aLanguage disorders. 615 7$aSpeech disorders. 615 7$aSpeech therapy. 712 02$aSpeech Pathology Association of Australia, 801 0$bNz 801 1$bZ5A 801 2$bWAU 801 2$bOCLCQ 801 2$bHEBIS 801 2$bUKMGB 801 2$bDEBSZ 801 2$bOCLCQ 801 2$bOCLCO 801 2$bOCLCF 801 2$bOCLCO 801 2$bOCLCQ 801 2$bTXA 801 2$bOCLCO 801 2$bNLE 801 2$bBUF 801 2$bOCLCO 801 2$bDLC 801 2$bAU@ 801 2$bOCLCO 801 2$bOCLCA 801 2$bVT2 801 2$bU3W 801 2$bOCLCO 801 2$bOCLCA 801 2$bSFB 801 2$bUBY 801 2$bOCLCO 801 2$bOCLCQ 801 2$bUAB 801 2$bOCLCQ 801 2$bOCLCL 801 2$bOCLCE 801 2$bLIP 801 2$bXFH 801 2$bCASUM 801 2$bCNTRU 801 2$bYOU 801 2$bLEAUB 801 2$bOCLCQ 906 $aJOURNAL 912 $a9910146922803321 996 $aInternational journal of speech-language pathology$92135373 997 $aUNINA